<?xml version="1.0" encoding="UTF-8"?>
<collection xmlns="http://www.loc.gov/MARC21/slim">
  <record>
    <leader>00000nam  2200000   4500</leader>
    <controlfield tag="001">INLIS000000000809559</controlfield>
    <controlfield tag="005">20250816091544</controlfield>
    <datafield tag="035" ind1="#" ind2="#">
      <subfield code="a">0010-0825000052</subfield>
    </datafield>
    <datafield tag="100" ind1="#" ind2="#">
      <subfield code="a">Ahmad Warson Munawwir</subfield>
    </datafield>
    <datafield tag="245" ind1="1" ind2="3">
      <subfield code="a">Al-Munawwir :</subfield>
      <subfield code="b">kamus Arab-Indonesia /</subfield>
      <subfield code="c">Ahmad Warson Munawwir ; ditelaah dan dikoreksi oleh, KH. Ali Ma'shum, KH. Zainal Abidin Munawwir</subfield>
    </datafield>
    <datafield tag="260" ind1="#" ind2="#">
      <subfield code="a">Surabaya ; :</subfield>
      <subfield code="b">Pustaka Progresif,,</subfield>
      <subfield code="c">1997</subfield>
    </datafield>
    <datafield tag="300" ind1="#" ind2="#">
      <subfield code="a">xii,1591 hlm. ;</subfield>
      <subfield code="c">24 cm</subfield>
    </datafield>
    <datafield tag="500" ind1="#" ind2="#">
      <subfield code="a">Teks dalam bahasa Indonesia dan Arab</subfield>
    </datafield>
    <datafield tag="850" ind1="#" ind2="#">
      <subfield code="a">JKPNPNA</subfield>
    </datafield>
    <datafield tag="990" ind1="#" ind2="#">
      <subfield code="a">35326/PN-LT/2007</subfield>
    </datafield>
    <controlfield tag="006">a    g d    000 0</controlfield>
    <controlfield tag="007">ta</controlfield>
    <controlfield tag="008">250816################d##########0#ind##</controlfield>
    <datafield tag="020" ind1="#" ind2="#">
      <subfield code="a">979-8956-17-6</subfield>
    </datafield>
    <datafield tag="040" ind1="#" ind2="#">
      <subfield code="a">JKPNPNA</subfield>
      <subfield code="b">ind</subfield>
    </datafield>
    <datafield tag="041" ind1=" " ind2="#">
      <subfield code="a">ind</subfield>
      <subfield code="h">ara</subfield>
    </datafield>
    <datafield tag="082" ind1="#" ind2="#">
      <subfield code="a">R 492.73</subfield>
    </datafield>
    <datafield tag="084" ind1="#" ind2="#">
      <subfield code="a">R 492.73 AHM m</subfield>
    </datafield>
    <datafield tag="090" ind1="#" ind2="#">
      <subfield code="a">R 492.73 AHM m</subfield>
    </datafield>
  </record>
</collection>
